[Event "Pedavena op-A 2nd"]
[Site "Pedavena"]
[Date "2006.08.04"]
[Round "6"]
[White "Capraro, Fabio"]
[Black "Guastadini, Paolo"]
[Result "1-0"]
[WhiteElo "1873"]
[BlackElo "2051"]
[PlyCount "47"]
[EventDate "2006.08.01"]
[EventType "swiss"]
[EventRounds "7"]
[EventCountry "ITA"]
[SourceTitle "EXT 2023"]
[Source "ChessBase"]
[SourceDate "2022.10.05"]
[SourceVersion "1"]
[SourceVersionDate "2022.10.05"]
[SourceQuality "1"]

1. g3 d5 2. Bg2 e5 3. d3 c5 4. c4 d4 5. Nf3 Nc6 6. 0-0 Bd6 7. Na3 f5 8. Ne1 Nf6 9. Bg5 0-0 10. Bd5+ Kh8 11. Nac2 h6 12. Bd2 e4 13. e3 Be5 14. f4 dxe3 15. fxe5 exd2 16. Bxc6 dxe1Q 17. Qxe1 exd3 18. exf6 Qxf6 19. Ba4 dxc2 20. Bxc2 Qxb2 21. Rf2 Qf6 22. Rd1 b6 23. Rd5 Qc3 24. Qxc3 1-0

[Event "Pedavena op-A 2nd"]
[Site "Pedavena"]
[Date "2006.08.02"]
[Round "2"]
[White "Guastadini, Paolo"]
[Black "Roversi, Stefano"]
[Result "1/2-1/2"]
[WhiteElo "2051"]
[BlackElo "1857"]
[PlyCount "138"]
[EventDate "2006.08.01"]
[EventType "swiss"]
[EventRounds "7"]
[EventCountry "ITA"]
[SourceTitle "EXT 2023"]
[Source "ChessBase"]
[SourceDate "2022.10.05"]
[SourceVersion "1"]
[SourceVersionDate "2022.10.05"]
[SourceQuality "1"]

1. d4 Nf6 2. Nf3 g6 3. c4 Bg7 4. Nc3 0-0 5. e4 d6 6. Be2 e5 7. d5 Na6 8. Be3 Ne8 9. Nd2 f5 10. f3 f4 11. Bf2 Nf6 12. a3 c5 13. Rb1 Nh5 14. b4 Bf6 15. 0-0 Bh4 16. Qe1 Bxf2+ 17. Qxf2 Kh8 18. bxc5 Nxc5 19. Nb3 b6 20. Nxc5 bxc5 21. Rb3 Rg8 22. Rfb1 g5 23. Kf1 g4 24. fxg4 Bxg4 25. Bf3 Bxf3 26. gxf3 Qg5 27. Nb5 Rg6 28. Ke2 Qg2 29. Rf1 Rb8 30. Qxg2 Rxg2+ 31. Rf2 Rg1 32. Kd3 a6 33. Nd4 Rxb3+ 34. Nxb3 Rd1+ 35. Kc2 Rd3 36. Kb2 Nf6 37. Nd2 Nd7 38. h4 Nb6 39. h5 Na4+ 40. Kc2 Rc3+ 41. Kb1 Rxa3 42. h6 Re3 43. Rg2 Re1+ 44. Kc2 Rh1 45. Rg7 Rxh6 46. Ra7 Rh2 47. Rxa6 Nb2 48. Kxb2 Rxd2+ 49. Kc1 Rd3 50. Rxd6 Rxf3 51. Re6 Rc3+ 52. Kd2 Rxc4 53. Rxe5 Rd4+ 54. Ke2 c4 55. Kf3 c3 56. Re8+ Kg7 57. Rc8 Kf6 58. Rc6+ Kg5 59. Rxc3 Rd1 60. Rc8 Rd3+ 61. Kf2 Kf6 62. Rc6+ Ke7 63. Rh6 Re3 64. Rxh7+ Kd6 65. Rh6+ Ke7 66. Re6+ Kd7 67. e5 Rd3 68. Rd6+ Ke7 69. Re6+ Kd7 1/2-1/2

[Event "Pedavena op-A 2nd"]
[Site "Pedavena"]
[Date "2006.07.05"]
[Round "7"]
[White "Guastadini, Paolo"]
[Black "Pedrazzi, Giuseppe"]
[Result "0-1"]
[WhiteElo "2051"]
[BlackElo "1835"]
[PlyCount "90"]
[EventDate "2006.08.01"]
[EventType "swiss"]
[EventRounds "7"]
[EventCountry "ITA"]
[SourceTitle "EXT 2023"]
[Source "ChessBase"]
[SourceDate "2022.10.05"]
[SourceVersion "1"]
[SourceVersionDate "2022.10.05"]
[SourceQuality "1"]

1. d4 d5 2. Nf3 c6 3. c4 e6 4. e3 f5 5. Bd3 Nf6 6. 0-0 Bd6 7. b3 Qe7 8. Ne5 0-0 9. f4 Ne4 10. Qc2 Bd7 11. a4 Na6 12. c5 Bc7 13. Bd2 Rf6 14. Be1 Rh6 15. b4 Bxe5 16. dxe5 Nc7 17. Nc3 Qe8 18. Be2 g5 19. Nxe4 dxe4 20. fxg5 Rg6 21. Bh5 Nd5 22. Ra3 Kh8 23. Rb3 a6 24. Bg3 Qg8 25. h4 Rg7 26. Bf4 Qd8 27. Be2 Qe7 28. Rfb1 Rag8 29. b5 axb5 30. axb5 h6 31. bxc6 bxc6 32. Bc4 Qxc5 33. Kf1 hxg5 34. hxg5 Rh7 35. g3 Rh1+ 36. Kg2 Rxb1 37. Qxb1 Qe7 38. Qd1 Be8 39. Rb1 Kg7 40. Ba6 Kg6 41. g4 Rh8 42. gxf5+ exf5 43. Qe1 Qa3 44. Ra1 Nxf4+ 45. exf4 Qf3+ 0-1

[Event "Salsomaggiore Terme op"]
[Site "Salsomaggiore Terme"]
[Date "2006.05.12"]
[Round "2"]
[White "Salvador, Roland"]
[Black "Guastadini, Paolo"]
[Result "1-0"]
[WhiteElo "2396"]
[BlackElo "2056"]
[PlyCount "47"]
[EventDate "2006.05.12"]
[EventType "swiss"]
[EventRounds "6"]
[EventCountry "ITA"]
[SourceTitle "EXT 2007"]
[Source "ChessBase"]
[SourceDate "2006.11.23"]
[SourceVersion "1"]
[SourceVersionDate "2006.11.23"]
[SourceQuality "1"]

1. d4 Nf6 2. Nf3 g6 3. Nc3 d5 4. Bf4 Bg7 5. e3 b6 6. Be2 Bb7 7. Ne5 Nbd7 8. h4 h5 9. f3 e6 10. g4 Nxe5 11. Bxe5 0-0 12. f4 Nxg4 13. Bxg4 f6 14. Bxe6+ Kh8 15. f5 fxe5 16. fxg6 Bh6 17. Qxh5 Kg7 18. Qxe5+ Rf6 19. Bxd5 c6 20. Ne4 cxd5 21. Nxf6 Qxf6 22. Qc7+ Kxg6 23. h5+ Kg5 24. Qg3+ 1-0

[Event "Salsomaggiore Terme op 8th"]
[Site "Salsomaggiore Terme"]
[Date "2004.??.??"]
[Round "4"]
[White "Guastadini, Paolo"]
[Black "Di Paolo, Raffaele"]
[Result "0-1"]
[WhiteElo "2130"]
[BlackElo "2345"]
[PlyCount "36"]
[EventDate "2004.05.??"]
[EventType "swiss"]
[EventRounds "6"]
[EventCountry "ITA"]
[SourceTitle "EXT 2007"]
[Source "ChessBase"]
[SourceDate "2006.11.23"]
[SourceVersion "1"]
[SourceVersionDate "2006.11.23"]
[SourceQuality "1"]

1. c4 Nc6 2. g3 e5 3. Bg2 g6 4. Nc3 Bg7 5. e3 Nf6 6. Nge2 d6 7. 0-0 Bf5 8. d3 Qd7 9. Re1 Bh3 10. Ne4 Bxg2 11. Nxf6+ Bxf6 12. Kxg2 h5 13. Nc3 h4 14. Qf3 hxg3 15. hxg3 Qh3+ 16. Kg1 0-0-0 17. Nd5 Bg7 18. b4 e4 0-1

[Event "Salsomaggiore Terme op 8th"]
[Site "Salsomaggiore Terme"]
[Date "2004.??.??"]
[Round "3"]
[White "Winfridsson, Ola"]
[Black "Guastadini, Paolo"]
[Result "0-1"]
[WhiteElo "2055"]
[BlackElo "2130"]
[PlyCount "102"]
[EventDate "2004.05.??"]
[EventType "swiss"]
[EventRounds "6"]
[EventCountry "ITA"]
[SourceTitle "EXT 2007"]
[Source "ChessBase"]
[SourceDate "2006.11.23"]
[SourceVersion "1"]
[SourceVersionDate "2006.11.23"]
[SourceQuality "1"]

1. d4 g6 2. c4 Bg7 3. Nf3 c5 4. Nc3 cxd4 5. Nxd4 Nc6 6. e3 Nf6 7. Be2 0-0 8. 0-0 d6 9. b3 Nd7 10. Bb2 Nxd4 11. exd4 Qb6 12. Nd5 Qd8 13. Qd2 Nf6 14. Nxf6+ Bxf6 15. Bf3 Rb8 16. Rad1 e6 17. Ba3 Re8 18. Qf4 e5 19. dxe5 Bxe5 20. Qd2 Qh4 21. g3 Qf6 22. Bg2 Rd8 23. f4 Bc3 24. Qd5 Bg4 25. Bf3 Be6 26. Qg5 Qxg5 27. fxg5 Be5 28. Rfe1 b5 29. cxb5 Rxb5 30. Bc6 Rb6 31. Bd5 Re8 32. Bc5 Ra6 33. Bb7 Rxa2 34. Bxd6 Bxd6 35. Rxd6 Rb8 36. Ra6 Rxa6 37. Bxa6 Rxb3 38. Ra1 Bf5 39. Bc4 Rb1+ 40. Rxb1 Bxb1 41. Ba6 h6 42. gxh6 Kh7 43. Kf2 Kxh6 44. Kf3 Kg5 45. h4+ Kf5 46. g4+ Ke5 47. Bc8 a5 48. h5 gxh5 49. gxh5 a4 50. Ba6 a3 51. Bc4 a2 0-1

[Event "Genova op 7th"]
[Site "Genova"]
[Date "2003.08.07"]
[Round "7"]
[White "Piscopo, Pierluigi"]
[Black "Guastadini, Paolo"]
[Result "1-0"]
[WhiteElo "2319"]
[BlackElo "1804"]
[PlyCount "71"]
[EventDate "2003.08.02"]
[EventType "swiss"]
[EventRounds "9"]
[EventCountry "ITA"]
[SourceTitle "CBM 095 Extra"]
[Source "ChessBase"]
[SourceDate "2003.09.04"]
[SourceVersion "1"]
[SourceVersionDate "2003.09.04"]
[SourceQuality "1"]

1. e4 d6 2. d4 g6 3. f4 c5 4. c3 cxd4 5. cxd4 d5 6. e5 Bg7 7. Be3 Nc6 8. Nc3 a6 9. h3 h5 10. Qb3 e6 11. Nf3 b5 12. Bd3 Na5 13. Qc2 Nc4 14. Bf2 Bd7 15. 0-0 Qe7 16. Rac1 Nh6 17. b3 Na3 18. Qe2 Qd8 19. Bh4 Qa5 20. Bf6 Rg8 21. Qe1 Qb6 22. Ne2 Bf8 23. Qc3 Rc8 24. Qd2 Rb8 25. Qc3 Rc8 26. Qd2 Rb8 27. Rfd1 b4 28. Bg5 Rh8 29. g3 Be7 30. Kg2 Bxg5 31. fxg5 Nf5 32. Bxf5 exf5 33. Nf4 Be6 34. Rc5 Qb7 35. Rdc1 Rc8 36. Nxe6 1-0

[Event "Padova op-A 1st"]
[Site "Padova"]
[Date "1998.12.20"]
[Round "6.5"]
[White "Guastadini, Paolo"]
[Black "Boscolo, Fabio"]
[Result "0-1"]
[WhiteElo "1603"]
[BlackElo "1714"]
[PlyCount "100"]
[EventDate "1998.12.12"]
[EventType "swiss"]
[EventRounds "6"]
[EventCountry "ITA"]
[SourceTitle "EXT 2023"]
[Source "ChessBase"]
[SourceDate "2022.10.05"]
[SourceVersion "1"]
[SourceVersionDate "2022.10.05"]
[SourceQuality "1"]

1. Nf3 Nf6 2. g3 d5 3. Bg2 Bg4 4. d3 c6 5. Nbd2 Nbd7 6. b3 e6 7. Bb2 Bd6 8. 0-0 0-0 9. e4 Qc7 10. Qe1 dxe4 11. dxe4 e5 12. Nc4 Bxf3 13. Bxf3 Bc5 14. Qe2 b5 15. Ne3 Rfd8 16. a3 Nb6 17. Rfd1 Rxd1+ 18. Rxd1 a5 19. c3 a4 20. b4 Bxe3 21. Qxe3 Nc4 22. Qe2 Rd8 23. Bc1 Rxd1+ 24. Qxd1 Qd6 25. Qc2 Nd7 26. Be2 Ndb6 27. Qd3 Qxd3 28. Bxd3 Kf8 29. f4 g6 30. Kf2 h5 31. h4 f6 32. Kf3 Kf7 33. Bb1 Nd6 34. Be3 Ndc4 35. Ba2 Kg7 36. Bc1 Kf7 37. fxe5 fxe5 38. Ke2 Kg7 39. Kf3 Nd6 40. Ke2 Nxe4 41. Kd3 Nd6 42. Be3 Nbc4 43. Bc5 Kf6 44. Bxd6 Nxd6 45. Ke3 Nc4+ 46. Kf3 Nxa3 47. g4 Nc4 48. gxh5 gxh5 49. Ke4 Nd6+ 50. Kd3 Kf5 0-1